<?xml version="1.0" encoding="UTF-8"?>
<record
    xmlns:xsi="http://www.w3.org/2001/XMLSchema-instance"
    xsi:schemaLocation="http://www.loc.gov/MARC21/slim http://www.loc.gov/standards/marcxml/schema/MARC21slim.xsd"
    xmlns="http://www.loc.gov/MARC21/slim">

  <leader>02878nam a22003375a 4500</leader>
  <controlfield tag="003">OSt</controlfield>
  <controlfield tag="005">20170506130955.0</controlfield>
  <controlfield tag="006">m||||fq||d  00| 0 </controlfield>
  <controlfield tag="008">170506s2010    ua     frb    000 0 ara d</controlfield>
  <datafield tag="015" ind1=" " ind2=" ">
    <subfield code="a">2010 / 23504</subfield>
  </datafield>
  <datafield tag="040" ind1=" " ind2=" ">
    <subfield code="a">EG-ScBUE</subfield>
    <subfield code="b">ara</subfield>
    <subfield code="c">EG-ScBUE</subfield>
  </datafield>
  <datafield tag="043" ind1=" " ind2=" ">
    <subfield code="a">f-ua---</subfield>
  </datafield>
  <datafield tag="082" ind1="0" ind2="4">
    <subfield code="a">347.6209</subfield>
    <subfield code="b">&#x623; &#x628; &#x648;</subfield>
    <subfield code="2">22</subfield>
  </datafield>
  <datafield tag="100" ind1="1" ind2=" ">
    <subfield code="a">&#x623;&#x628;&#x648; &#x627;&#x644;&#x639;&#x64A;&#x646;&#x64A;&#x646;&#x60C; &#x645;&#x62D;&#x645;&#x62F; &#x645;&#x627;&#x647;&#x631;.</subfield>
  </datafield>
  <datafield tag="245" ind1="1" ind2="0">
    <subfield code="a">&#x642;&#x636;&#x627;&#x621; &#x627;&#x644;&#x62A;&#x62D;&#x643;&#x64A;&#x645; :</subfield>
    <subfield code="b">&#x62F;&#x631;&#x627;&#x633;&#x629; &#x62A;&#x62D;&#x644;&#x64A;&#x644;&#x64A;&#x629; &#x644;&#x627;&#x62A;&#x62C;&#x627;&#x647;&#x627;&#x62A; &#x627;&#x644;&#x641;&#x642;&#x647; &#x648;&#x623;&#x62D;&#x643;&#x627;&#x645; &#x627;&#x644;&#x645;&#x62D;&#x643;&#x645;&#x629; &#x627;&#x644;&#x62F;&#x633;&#x62A;&#x648;&#x631;&#x64A;&#x629; &#x627;&#x644;&#x639;&#x644;&#x64A;&#x627; &#x648;&#x645;&#x62D;&#x643;&#x645;&#x629; &#x627;&#x644;&#x646;&#x642;&#x636; &#x648;&#x627;&#x644;&#x645;&#x62D;&#x643;&#x645;&#x629; &#x627;&#x644;&#x625;&#x62F;&#x627;&#x631;&#x64A;&#x629; &#x627;&#x644;&#x639;&#x644;&#x64A;&#x627; &#x648;&#x645;&#x62D;&#x643;&#x645;&#x629; &#x627;&#x644;&#x642;&#x636;&#x627;&#x621; &#x627;&#x644;&#x625;&#x62F;&#x627;&#x631;&#x64A; &#x648;&#x645;&#x62D;&#x627;&#x643;&#x645; &#x627;&#x644;&#x627;&#x633;&#x62A;&#x626;&#x646;&#x627;&#x641; &#x641;&#x64A; &#x62E;&#x635;&#x648;&#x635; &#x627;&#x644;&#x62A;&#x62D;&#x643;&#x64A;&#x645; &#x627;&#x644;&#x62F;&#x648;&#x644;&#x64A; &#x648;&#x627;&#x644;&#x62F;&#x627;&#x62E;&#x644;&#x64A; /</subfield>
    <subfield code="c">&#x645;&#x62D;&#x645;&#x62F; &#x645;&#x627;&#x647;&#x631; &#x623;&#x628;&#x648; &#x627;&#x644;&#x639;&#x64A;&#x646;&#x64A;&#x646;&#x60C; &#x639;&#x627;&#x637;&#x641; &#x645;&#x62D;&#x645;&#x62F; &#x639;&#x628;&#x62F; &#x627;&#x644;&#x644;&#x637;&#x64A;&#x641;.</subfield>
  </datafield>
  <datafield tag="260" ind1=" " ind2=" ">
    <subfield code="a">&#x627;&#x644;&#x632;&#x642;&#x627;&#x632;&#x64A;&#x642;&#x60C; &#x645;&#x635;&#x631; :</subfield>
    <subfield code="b">&#x627;&#x644;&#x645;&#x62C;&#x645;&#x639; &#x627;&#x644;&#x639;&#x631;&#x628;&#x64A; &#x627;&#x644;&#x642;&#x627;&#x646;&#x648;&#x646;&#x64A;&#x60C;</subfield>
    <subfield code="c">2010</subfield>
    <subfield code="e">(&#x627;&#x644;&#x642;&#x627;&#x647;&#x631;&#x629; :</subfield>
    <subfield code="f">&#x62F;&#x627;&#x631; &#x623;&#x628;&#x648; &#x627;&#x644;&#x645;&#x62C;&#x62F; &#x644;&#x644;&#x637;&#x628;&#x627;&#x639;&#x629;)</subfield>
  </datafield>
  <datafield tag="300" ind1=" " ind2=" ">
    <subfield code="a">2 &#x645;&#x62C;. &#x61B;</subfield>
    <subfield code="c">24 &#x633;&#x645;. +</subfield>
    <subfield code="e">1 &#x642;&#x631;&#x635; &#x645;&#x644;&#x64A;&#x632;&#x631;.</subfield>
  </datafield>
  <datafield tag="504" ind1=" " ind2=" ">
    <subfield code="a">&#x64A;&#x634;&#x62A;&#x645;&#x644; &#x639;&#x644;&#x649; &#x625;&#x631;&#x62C;&#x627;&#x639;&#x627;&#x62A; &#x628;&#x628;&#x644;&#x64A;&#x648;&#x62C;&#x631;&#x627;&#x641;&#x64A;&#x629;.</subfield>
  </datafield>
  <datafield tag="505" ind1="0" ind2=" ">
    <subfield code="a">&#x645;&#x62C;. 1. &#x623;&#x648;&#x644;&#x627; : &#x627;&#x62A;&#x641;&#x627;&#x642; &#x627;&#x644;&#x62A;&#x62D;&#x643;&#x64A;&#x645; : &#x634;&#x631;&#x648;&#x637; &#x635;&#x62D;&#x629; &#x627;&#x62A;&#x641;&#x627;&#x642; &#x627;&#x644;&#x62A;&#x62D;&#x643;&#x64A;&#x645; &#x648;&#x635;&#x62D;&#x629; &#x627;&#x644;&#x62A;&#x631;&#x627;&#x636;&#x64A; &#x648;&#x627;&#x644;&#x623;&#x647;&#x644;&#x64A;&#x629; &#x644;&#x644;&#x62A;&#x62D;&#x643;&#x64A;&#x645; &#x648;&#x627;&#x645;&#x62A;&#x62F;&#x627;&#x62F; &#x634;&#x631;&#x637; &#x627;&#x644;&#x62A;&#x62D;&#x643;&#x64A;&#x645; &#x648;&#x627;&#x644;&#x645;&#x62D;&#x644; &#x648;&#x627;&#x644;&#x633;&#x628;&#x628; &#x641;&#x64A; &#x627;&#x62A;&#x641;&#x627;&#x642; &#x627;&#x644;&#x62A;&#x62D;&#x643;&#x64A;&#x645; - &#x62B;&#x627;&#x646;&#x64A;&#x627; : &#x627;&#x644;&#x645;&#x62D;&#x643;&#x645; &#x648;&#x647;&#x64A;&#x626;&#x629; &#x627;&#x644;&#x62A;&#x62D;&#x643;&#x64A;&#x645; : &#x634;&#x631;&#x648;&#x637; &#x627;&#x644;&#x645;&#x62D;&#x643;&#x645; &#x648;&#x647;&#x64A;&#x626;&#x629; &#x627;&#x644;&#x62A;&#x62D;&#x643;&#x64A;&#x645;&#x60C; &#x62A;&#x634;&#x643;&#x64A;&#x644; &#x647;&#x64A;&#x626;&#x629; &#x627;&#x644;&#x62A;&#x62D;&#x643;&#x64A;&#x645;&#x60C; &#x645;&#x633;&#x626;&#x648;&#x644;&#x64A;&#x629; &#x627;&#x644;&#x645;&#x62D;&#x643;&#x645; - &#x62B;&#x627;&#x644;&#x62B;&#x627; : &#x62E;&#x635;&#x648;&#x645;&#x629; &#x627;&#x644;&#x62A;&#x62D;&#x643;&#x64A;&#x645; : &#x627;&#x644;&#x62A;&#x646;&#x638;&#x64A;&#x645; &#x627;&#x644;&#x625;&#x62C;&#x631;&#x627;&#x626;&#x64A; &#x644;&#x62E;&#x635;&#x648;&#x645;&#x629; &#x627;&#x644;&#x62A;&#x62D;&#x643;&#x64A;&#x645;&#x60C; &#x646;&#x637;&#x627;&#x642; &#x62E;&#x635;&#x648;&#x645;&#x629; &#x627;&#x644;&#x62A;&#x62D;&#x643;&#x64A;&#x645;&#x60C; &#x627;&#x644;&#x62F;&#x641;&#x648;&#x639; &#x623;&#x645;&#x627;&#x645; &#x647;&#x64A;&#x626;&#x629; &#x627;&#x644;&#x62A;&#x62D;&#x643;&#x64A;&#x645;&#x60C; &#x639;&#x648;&#x627;&#x631;&#x636; &#x62E;&#x635;&#x648;&#x645;&#x629; &#x627;&#x644;&#x62A;&#x62D;&#x643;&#x64A;&#x645; -- &#x645;&#x62C;. 2. &#x631;&#x627;&#x628;&#x639;&#x627; : &#x62D;&#x643;&#x645; &#x627;&#x644;&#x62A;&#x62D;&#x643;&#x64A;&#x645; : &#x634;&#x643;&#x644; &#x62D;&#x643;&#x645; &#x627;&#x644;&#x62A;&#x62D;&#x643;&#x64A;&#x645; &#x648;&#x625;&#x64A;&#x62F;&#x627;&#x639;&#x647;&#x60C; &#x645;&#x64A;&#x639;&#x627;&#x62F; &#x648;&#x625;&#x635;&#x62F;&#x627;&#x631; &#x627;&#x644;&#x62D;&#x643;&#x645;&#x60C; &#x62D;&#x62C;&#x64A;&#x629; &#x627;&#x644;&#x62D;&#x643;&#x645; &#x648;&#x648;&#x627;&#x633;&#x62A;&#x646;&#x641;&#x627;&#x630; &#x648;&#x644;&#x627;&#x64A;&#x629; &#x627;&#x644;&#x645;&#x62D;&#x643;&#x645;&#x629; - &#x62E;&#x627;&#x645;&#x633;&#x627; : &#x627;&#x644;&#x637;&#x639;&#x646; &#x639;&#x644;&#x649; &#x62D;&#x643;&#x645; &#x627;&#x644;&#x62A;&#x62D;&#x643;&#x64A;&#x645; &#x641;&#x64A; &#x627;&#x644;&#x646;&#x638;&#x627;&#x645; &#x627;&#x644;&#x645;&#x635;&#x631;&#x64A; &#x648;&#x627;&#x644;&#x645;&#x642;&#x627;&#x631;&#x646; - &#x633;&#x627;&#x62F;&#x633;&#x627; : &#x62A;&#x646;&#x641;&#x64A;&#x630; &#x62D;&#x643;&#x645; &#x627;&#x644;&#x62A;&#x62D;&#x643;&#x64A;&#x645; &#x627;&#x644;&#x62F;&#x627;&#x62E;&#x644;&#x64A; &#x648;&#x627;&#x644;&#x62F;&#x648;&#x644;&#x64A; - &#x633;&#x627;&#x628;&#x639;&#x627; : &#x627;&#x644;&#x62A;&#x62D;&#x643;&#x64A;&#x645; &#x641;&#x64A; &#x627;&#x644;&#x639;&#x642;&#x648;&#x62F; &#x627;&#x644;&#x625;&#x62F;&#x627;&#x631;&#x64A;&#x629; &#x627;&#x644;&#x62F;&#x627;&#x62E;&#x644;&#x64A;&#x629; &#x648;&#x627;&#x644;&#x62F;&#x648;&#x644;&#x64A;&#x629;.</subfield>
  </datafield>
  <datafield tag="610" ind1="1" ind2="7">
    <subfield code="a">&#x645;&#x635;&#x631;.</subfield>
    <subfield code="b">&#x627;&#x644;&#x645;&#x62D;&#x643;&#x645;&#x629; &#x627;&#x644;&#x62F;&#x633;&#x62A;&#x648;&#x631;&#x64A;&#x629; &#x627;&#x644;&#x639;&#x644;&#x64A;&#x627;.</subfield>
    <subfield code="2">BUEsh</subfield>
    <subfield code="9">41178</subfield>
  </datafield>
  <datafield tag="610" ind1="1" ind2="7">
    <subfield code="a">&#x645;&#x635;&#x631;.</subfield>
    <subfield code="b">&#x645;&#x62D;&#x643;&#x645;&#x629; &#x627;&#x644;&#x646;&#x642;&#x636;.</subfield>
    <subfield code="2">BUEsh</subfield>
    <subfield code="9">40940</subfield>
  </datafield>
  <datafield tag="610" ind1="1" ind2="7">
    <subfield code="a">&#x645;&#x635;&#x631;.</subfield>
    <subfield code="b">&#x627;&#x644;&#x645;&#x62D;&#x643;&#x645;&#x629; &#x627;&#x644;&#x625;&#x62F;&#x627;&#x631;&#x64A;&#x629; &#x627;&#x644;&#x639;&#x644;&#x64A;&#x627;.</subfield>
    <subfield code="2">BUEsh</subfield>
    <subfield code="9">41179</subfield>
  </datafield>
  <datafield tag="610" ind1="1" ind2="7">
    <subfield code="a">&#x645;&#x635;&#x631;.</subfield>
    <subfield code="b">&#x645;&#x62D;&#x643;&#x645;&#x629; &#x627;&#x644;&#x642;&#x636;&#x627;&#x621; &#x627;&#x644;&#x625;&#x62F;&#x627;&#x631;&#x64A;.</subfield>
    <subfield code="2">BUEsh</subfield>
  </datafield>
  <datafield tag="650" ind1=" " ind2="7">
    <subfield code="a">&#x627;&#x644;&#x62A;&#x62D;&#x643;&#x64A;&#x645; (&#x642;&#x627;&#x646;&#x648;&#x646; &#x627;&#x644;&#x645;&#x631;&#x627;&#x641;&#x639;&#x627;&#x62A;)</subfield>
    <subfield code="z">&#x645;&#x635;&#x631;.</subfield>
    <subfield code="2">BUEsh</subfield>
  </datafield>
  <datafield tag="650" ind1=" " ind2="7">
    <subfield code="a">&#x627;&#x644;&#x62A;&#x62D;&#x643;&#x64A;&#x645; (&#x641;&#x642;&#x647; &#x625;&#x633;&#x644;&#x627;&#x645;&#x64A;)</subfield>
    <subfield code="2">BUEsh</subfield>
  </datafield>
  <datafield tag="650" ind1=" " ind2="7">
    <subfield code="a">&#x627;&#x644;&#x62A;&#x62D;&#x643;&#x64A;&#x645; &#x627;&#x644;&#x62F;&#x648;&#x644;&#x64A;.</subfield>
    <subfield code="2">BUEsh</subfield>
    <subfield code="9">41124</subfield>
  </datafield>
  <datafield tag="651" ind1=" " ind2=" ">
    <subfield code="2">BUEsh</subfield>
  </datafield>
  <datafield tag="653" ind1=" " ind2=" ">
    <subfield code="b">LLAAWW</subfield>
    <subfield code="c">May2017</subfield>
  </datafield>
  <datafield tag="700" ind1="1" ind2=" ">
    <subfield code="a">&#x639;&#x628;&#x62F; &#x627;&#x644;&#x644;&#x637;&#x64A;&#x641;&#x60C; &#x639;&#x627;&#x637;&#x641; &#x645;&#x62D;&#x645;&#x62F;. </subfield>
  </datafield>
  <datafield tag="942" ind1=" " ind2=" ">
    <subfield code="2">ddc</subfield>
  </datafield>
  <datafield tag="999" ind1=" " ind2=" ">
    <subfield code="c">24778</subfield>
    <subfield code="d">24750</subfield>
  </datafield>
  <datafield tag="952" ind1=" " ind2=" ">
    <subfield code="0">0</subfield>
    <subfield code="1">0</subfield>
    <subfield code="2">ddc</subfield>
    <subfield code="4">0</subfield>
    <subfield code="7">0</subfield>
    <subfield code="8">Scien G.</subfield>
    <subfield code="a">MAIN</subfield>
    <subfield code="b">MAIN</subfield>
    <subfield code="c">1ST</subfield>
    <subfield code="d">2017-05-06</subfield>
    <subfield code="e">Purchase</subfield>
    <subfield code="g">350.00</subfield>
    <subfield code="h">666</subfield>
    <subfield code="o">347.6209 &#x623; &#x628; &#x648;</subfield>
    <subfield code="p">000046043</subfield>
    <subfield code="q">2026-05-17</subfield>
    <subfield code="r">2026-03-15 00:00:00</subfield>
    <subfield code="s">2026-03-15</subfield>
    <subfield code="v">437.50</subfield>
    <subfield code="x">&#x627;&#x644;&#x633;&#x639;&#x631; &#x644;&#x644;&#x645;&#x62C;&#x644;&#x62F;&#x64A;&#x646; + &#x642;&#x631;&#x635; &#x645;&#x644;&#x64A;&#x632;&#x631;</subfield>
    <subfield code="y">BB</subfield>
    <subfield code="z">&#x645;&#x62C;. 1</subfield>
  </datafield>
  <datafield tag="952" ind1=" " ind2=" ">
    <subfield code="0">0</subfield>
    <subfield code="1">0</subfield>
    <subfield code="2">ddc</subfield>
    <subfield code="4">0</subfield>
    <subfield code="7">0</subfield>
    <subfield code="8">Scien G.</subfield>
    <subfield code="a">MAIN</subfield>
    <subfield code="b">MAIN</subfield>
    <subfield code="c">1ST</subfield>
    <subfield code="d">2017-05-06</subfield>
    <subfield code="e">Purchase</subfield>
    <subfield code="g">350.00</subfield>
    <subfield code="h">666</subfield>
    <subfield code="o">347.6209 &#x623; &#x628; &#x648;</subfield>
    <subfield code="p">000046044</subfield>
    <subfield code="r">2025-07-15 00:00:00</subfield>
    <subfield code="s">2021-06-01</subfield>
    <subfield code="v">437.50</subfield>
    <subfield code="x">&#x627;&#x644;&#x633;&#x639;&#x631; &#x644;&#x644;&#x645;&#x62C;&#x644;&#x62F;&#x64A;&#x646; + &#x642;&#x631;&#x635; &#x645;&#x644;&#x64A;&#x632;&#x631;</subfield>
    <subfield code="y">BB</subfield>
    <subfield code="z">&#x645;&#x62C;. 2</subfield>
  </datafield>
  <datafield tag="952" ind1=" " ind2=" ">
    <subfield code="0">0</subfield>
    <subfield code="1">0</subfield>
    <subfield code="2">ddc</subfield>
    <subfield code="4">0</subfield>
    <subfield code="7">0</subfield>
    <subfield code="8">Scien G.</subfield>
    <subfield code="a">MAIN</subfield>
    <subfield code="b">MAIN</subfield>
    <subfield code="c">1ST</subfield>
    <subfield code="d">2017-05-06</subfield>
    <subfield code="e">Purchase</subfield>
    <subfield code="g">350.00</subfield>
    <subfield code="h">666</subfield>
    <subfield code="o">347.6209 &#x623; &#x628; &#x648;</subfield>
    <subfield code="p">000046045</subfield>
    <subfield code="r">2022-08-24 00:00:00</subfield>
    <subfield code="v">437.50</subfield>
    <subfield code="x">&#x627;&#x644;&#x633;&#x639;&#x631; &#x644;&#x644;&#x645;&#x62C;&#x644;&#x62F;&#x64A;&#x646; + &#x642;&#x631;&#x635; &#x645;&#x644;&#x64A;&#x632;&#x631;</subfield>
    <subfield code="y">CDVDWBB</subfield>
  </datafield>
</record>
